[Event "Mecklenburg VP Cup"]
[Site "Greifswald"]
[Date "2016.06.11"]
[Round "3.4"]
[White "Raitza, Egon"]
[Black "Decker, Lutz"]
[Result "1-0"]
[WhiteElo "1829"]
[BlackElo "1114"]
[PlyCount "53"]
[EventDate "2016.06.10"]
[EventType "swiss"]
[EventRounds "5"]
[EventCountry "GER"]
[SourceTitle "EXT 2024"]
[Source "ChessBase"]
[SourceDate "2023.10.10"]
[SourceVersion "1"]
[SourceVersionDate "2023.10.10"]
[SourceQuality "1"]

1. d4 d5 2. Nf3 Nc6 3. e3 Bf5 4. c4 e6 5. cxd5 exd5 6. Nc3 Nf6 7. Bb5 a6 8. Bd3 Ne4 9. a3 Qd7 10. 0-0 Bd6 11. Qc2 Qe6 12. Bxe4 Bxe4 13. Nxe4 Qxe4 14. Qxe4+ dxe4 15. Nd2 f5 16. b3 0-0 17. Bb2 Rad8 18. Rac1 b5 19. Rxc6 Rf6 20. Rfc1 Ra8 21. b4 Rh6 22. g3 a5 23. bxa5 Rxa5 24. Nb3 Ra7 25. d5 Bxa3 26. Bxa3 Rxa3 27. Nd4 1-0

[Event "Mecklenburg VP Cup"]
[Site "Greifswald"]
[Date "2016.06.10"]
[Round "1.8"]
[White "Lange, Jannis"]
[Black "Decker, Lutz"]
[Result "0-1"]
[WhiteElo "1773"]
[BlackElo "1114"]
[PlyCount "70"]
[EventDate "2016.06.10"]
[EventType "swiss"]
[EventRounds "5"]
[EventCountry "GER"]
[SourceTitle "EXT 2024"]
[Source "ChessBase"]
[SourceDate "2023.10.10"]
[SourceVersion "1"]
[SourceVersionDate "2023.10.10"]
[SourceQuality "1"]

1. e4 e5 2. Nf3 Nc6 3. Bc4 Nf6 4. Ng5 d5 5. exd5 Nxd5 6. Nxf7 Kxf7 7. Qf3+ Ke6 8. Nc3 Ncb4 9. a3 Nxc2+ 10. Kd1 Nxa1 11. Bxd5+ Kd6 12. Qf7 Qe7 13. Qf3 c6 14. Bf7 Be6 15. Bxe6 Qxe6 16. Re1 Nb3 17. Qg3 Re8 18. f4 g6 19. Rxe5 Qf7 20. Ne4+ Kc7 21. Ng5 Qc4 22. Rxe8 Qxc1+ 23. Ke2 Qxd2+ 24. Kf1 Nd4 25. Qg4 h5 26. Qc8+ Kb6 27. Qd8+ Ka6 28. b4 b6 29. Qc8+ Kb5 30. Re5+ Kc4 31. Qa6+ b5 32. Nf3 Qxf4 33. Qxa7 Nxf3 34. Rc5+ Bxc5 35. Qxc5+ Kb3 0-1

[Event "Mecklenburg VP LL2 Ost 1516"]
[Site "Mecklenburg VP"]
[Date "2016.02.21"]
[Round "6.6"]
[White "Nickel, Reimo"]
[Black "Decker, Lutz"]
[Result "1-0"]
[WhiteElo "1743"]
[BlackElo "1060"]
[PlyCount "59"]
[EventDate "2015.09.20"]
[EventType "team-tourn"]
[EventRounds "9"]
[EventCountry "GER"]
[SourceTitle "EXT 2022"]
[Source "ChessBase"]
[SourceDate "2021.10.06"]
[SourceVersion "1"]
[SourceVersionDate "2021.10.06"]
[SourceQuality "1"]
[WhiteTeam "Waterkant Saal SV"]
[BlackTeam "Gryps SV"]
[WhiteTeamCountry "GER"]
[BlackTeamCountry "GER"]

1. d4 Nf6 2. c4 d5 3. Nf3 b6 4. Ne5 e6 5. Bg5 Bd6 6. e3 0-0 7. cxd5 Nbd7 8. Nxd7 Bxd7 9. dxe6 fxe6 10. Bc4 c6 11. Nd2 Qc7 12. Bxf6 Rxf6 13. Ne4 Bb4+ 14. Nc3 Raf8 15. f4 c5 16. d5 exd5 17. Qxd5+ Kh8 18. 0-0-0 Be6 19. Qd3 Bg4 20. Nd5 Qd6 21. Nxf6 Qxf6 22. Qd6 Bxd1 23. Qxf6 gxf6 24. Rxd1 Re8 25. Rd3 Re7 26. Kd1 Kg7 27. Ke2 Re4 28. Rd7+ Kh6 29. Bd3 Re8 30. Rxh7# 1-0

[Event "Mecklenburg VP-ch U16"]
[Site "Malchow"]
[Date "2015.02.??"]
[Round "4.8"]
[White "Decker, Lutz"]
[Black "Schmidt, Arne"]
[Result "1/2-1/2"]
[WhiteElo "1057"]
[BlackElo "1218"]
[PlyCount "77"]
[EventDate "2015.02.04"]
[EventType "swiss"]
[EventRounds "7"]
[EventCountry "GER"]
[SourceTitle "EXT 2022"]
[Source "ChessBase"]
[SourceDate "2021.10.06"]
[SourceVersion "1"]
[SourceVersionDate "2021.10.06"]
[SourceQuality "1"]

1. e4 c5 2. Nf3 Nc6 3. d4 cxd4 4. Nxd4 Nf6 5. Nc3 g6 6. Bc4 Bg7 7. Be3 0-0 8. Qd2 Nxe4 9. Nxe4 d5 10. Nxc6 bxc6 11. 0-0-0 Bf5 12. Bxd5 Qxd5 13. Qxd5 cxd5 14. Nc3 Bxc3 15. bxc3 Rfd8 16. Rhe1 Rac8 17. Bd4 e6 18. Bf6 Rd7 19. f3 g5 20. g4 Bg6 21. Re5 Rxc3 22. Rd2 Rxf3 23. Bxg5 f6 24. Rxe6 fxg5 25. Re5 Rf4 26. Kb2 Rb7+ 27. Kc3 Rf3+ 28. Kd4 Rc7 29. Rxg5 Rf4+ 30. Ke3 Re4+ 31. Kf3 Rf7+ 32. Kg2 Kg7 33. Kg3 d4 34. h3 Re3+ 35. Kh2 Rff3 36. Rxd4 Rxh3+ 37. Kg2 Kf6 38. Ra5 Be4+ 39. Rxe4 1/2-1/2

[Event "Mecklenburg VP-ch U16"]
[Site "Malchow"]
[Date "2015.02.??"]
[Round "5.9"]
[White "Wolfgramm, Theo"]
[Black "Decker, Lutz"]
[Result "0-1"]
[WhiteElo "1140"]
[BlackElo "1057"]
[PlyCount "66"]
[EventDate "2015.02.04"]
[EventType "swiss"]
[EventRounds "7"]
[EventCountry "GER"]
[SourceTitle "EXT 2022"]
[Source "ChessBase"]
[SourceDate "2021.10.06"]
[SourceVersion "1"]
[SourceVersionDate "2021.10.06"]
[SourceQuality "1"]

1. e4 e5 2. Nf3 Nc6 3. Bc4 Nf6 4. d3 Bc5 5. Bg5 d6 6. Nc3 Be6 7. Nd5 Bxd5 8. Bxd5 0-0 9. 0-0 h6 10. Bd2 Qd7 11. Bb3 Qg4 12. c3 a6 13. Qe1 Nd7 14. Bd1 Qg6 15. Nh4 Qe6 16. Qe2 Nf6 17. Qf3 d5 18. exd5 Nxd5 19. Qg3 Qf6 20. c4 Nf4 21. Bxf4 exf4 22. Qg4 Nd4 23. b3 Rfe8 24. Nf3 Nxf3+ 25. Bxf3 c6 26. Be4 Re7 27. Rae1 Rae8 28. Re2 f3 29. Bxf3 Rxe2 30. Bxe2 Qb2 31. Re1 Bb4 32. Rf1 Qxe2 33. f3 Qxd3 0-1

[Event "Mecklenburg VP-ch U18"]
[Site "Malchow"]
[Date "2014.02.04"]
[Round "7"]
[White "Lange, Marius"]
[Black "Decker, Lutz"]
[Result "1-0"]
[WhiteElo "1615"]
[BlackElo "1027"]
[PlyCount "29"]
[EventDate "2014.02.01"]
[EventType "swiss"]
[EventRounds "7"]
[EventCountry "GER"]
[SourceTitle "EXT 2017"]
[Source "ChessBase"]
[SourceDate "2016.10.25"]
[SourceVersion "1"]
[SourceVersionDate "2016.10.25"]
[SourceQuality "1"]

1. e4 e5 2. Nf3 Nc6 3. c3 Nf6 4. d4 exd4 5. e5 Ng4 6. cxd4 d6 7. h3 Nh6 8. Bb5 Be7 9. d5 a6 10. Qa4 0-0 11. dxc6 dxe5 12. 0-0 Be6 13. cxb7 Ra7 14. Bc6 Bd6 15. Be3 1-0

[Event "Mecklenburg VP-ch U18"]
[Site "Malchow"]
[Date "2014.02.01"]
[Round "2"]
[White "Decker, Lutz"]
[Black "Stork, Leonard Christopher"]
[Result "0-1"]
[WhiteElo "1027"]
[BlackElo "1382"]
[PlyCount "34"]
[EventDate "2014.02.01"]
[EventType "swiss"]
[EventRounds "7"]
[EventCountry "GER"]
[SourceTitle "EXT 2017"]
[Source "ChessBase"]
[SourceDate "2016.10.25"]
[SourceVersion "1"]
[SourceVersionDate "2016.10.25"]
[SourceQuality "1"]

1. e4 c5 2. Nf3 Nc6 3. Bc4 g6 4. d4 cxd4 5. Nxd4 Bg7 6. c3 Nf6 7. Qf3 Ne5 8. Qe2 Nxc4 9. Qxc4 Nxe4 10. 0-0 d5 11. Qd3 0-0 12. f3 Nc5 13. Qe2 b6 14. b4 Na4 15. Nc6 Qe8 16. Bg5 Qxc6 17. Qxe7 Re8 0-1

[Event "Mecklenburg VP-ch U18"]
[Site "Malchow"]
[Date "2014.02.01"]
[Round "1"]
[White "Wulf, Constanze"]
[Black "Decker, Lutz"]
[Result "1-0"]
[WhiteElo "1610"]
[BlackElo "1027"]
[PlyCount "75"]
[EventDate "2014.02.01"]
[EventType "swiss"]
[EventRounds "7"]
[EventCountry "GER"]
[SourceTitle "EXT 2017"]
[Source "ChessBase"]
[SourceDate "2016.10.25"]
[SourceVersion "1"]
[SourceVersionDate "2016.10.25"]
[SourceQuality "1"]

1. d4 d5 2. c4 c6 3. Nf3 dxc4 4. e3 Be6 5. Ne5 Nf6 6. Nxc4 Bxc4 7. Bxc4 e6 8. 0-0 Bd6 9. Nc3 Bb4 10. Qb3 Na6 11. Bxa6 Qb6 12. Be2 0-0 13. a3 Bxc3 14. Qxb6 axb6 15. bxc3 c5 16. dxc5 bxc5 17. Bf3 Ra7 18. Rb1 Rb8 19. Rd1 h6 20. Rd6 b5 21. Rc6 Nd7 22. Be2 c4 23. Bxc4 Rab7 24. Be2 Ne5 25. Rc5 Nc4 26. Kf1 Kf8 27. Ke1 Ke7 28. Bxc4 bxc4 29. Rxb7+ Rxb7 30. Rxc4 Kd6 31. Rb4 Rc7 32. Kd2 Rc8 33. Rb7 Rf8 34. a4 Kc6 35. Rb4 Ra8 36. c4 Kc5 37. Ba3 f6 38. Rb8+ 1-0

[Event "Mecklenburg VP-ch U12"]
[Site "Malchow"]
[Date "2011.02.14"]
[Round "7.9"]
[White "Decker, Lutz"]
[Black "Troemer, Felix"]
[Result "0-1"]
[WhiteElo "771"]
[BlackElo "796"]
[PlyCount "112"]
[EventDate "2011.02.14"]
[EventType "swiss"]
[EventRounds "7"]
[EventCountry "GER"]
[SourceTitle "EXT 2022"]
[Source "ChessBase"]
[SourceDate "2021.10.06"]
[SourceVersion "1"]
[SourceVersionDate "2021.10.06"]
[SourceQuality "1"]

1. e4 e5 2. Nf3 Nc6 3. Nc3 Nf6 4. Bc4 Nxe4 5. Nxe4 d5 6. Nc3 dxc4 7. d3 Bb4 8. 0-0 0-0 9. Bg5 Qd6 10. dxc4 Qg6 11. Bd2 Bh3 12. Nh4 Qe6 13. Ne4 Bxd2 14. Qxd2 Qg4 15. g3 Ne7 16. f3 Qe6 17. Rfe1 Qxc4 18. Qd3 Qxd3 19. cxd3 Rfd8 20. Nc5 b6 21. Ne4 Rxd3 22. Nf2 Rd2 23. Nxh3 Rxb2 24. Rxe5 Re8 25. Nf5 Kf8 26. Nxe7 Rxe7 27. Rxe7 Kxe7 28. Re1+ Kf6 29. Rc1 c5 30. Ra1 c4 31. Nf4 c3 32. Nd3 Ke6 33. Re1+ Kd5 34. Rc1 Kd4 35. Nxb2 a5 36. Nd1 b5 37. Nxc3 b4 38. Nb5+ Kd3 39. a4 b3 40. Rb1 Kc2 41. Na3+ Kc3 42. Rc1+ Kb2 43. Rf1 Kxa3 44. Ra1+ Kb2 45. Re1 Ka2 46. h4 b2 47. Re2 Ka1 48. Re1+ b1Q 49. Rxb1+ Kxb1 50. h5 Kb2 51. g4 Kb3 52. Kf1 Kxa4 53. Ke1 Kb3 54. g5 a4 55. g6 hxg6 56. hxg6 fxg6 0-1